| 000 | 01318cam a22003494a 4500 | ||
|---|---|---|---|
| 001 | 12438277 | ||
| 003 | PILC | ||
| 005 | 20160108155346.0 | ||
| 008 | 010611s2001 waua 001 0 eng | ||
| 010 | _a 2001042551 | ||
| 020 | _a0735613583 | ||
| 040 |
_aDLC _cDLC _dDLC |
||
| 042 | _apcc | ||
| 050 | 0 | 0 |
_aQA 76.9 _b.C156 2001 |
| 082 | 0 | 0 |
_aCS 005.7565 _bC13 2001 |
| 100 | 1 |
_aCallahan, Evan, _d1966- |
|
| 245 | 1 | 0 |
_aMicrosoft access 2002 visual basic for applications step by step _cEvan Callahan. |
| 246 | 3 | _aaccess version 2002 visual basic for applications step by step | |
| 260 |
_aRedmond, Wash. : _bMicrosoft Press, _c2001. |
||
| 300 |
_axvii, 333 p. : _bill. ; _c24 cm.+ _e1 CD-ROM (4 3/4 in.) |
||
| 500 | _aIncludes index. | ||
| 520 | _a1. Microsoft Access. 2. Microsoft Visual Basic. 3. Database management. | ||
| 562 | _e1 | ||
| 630 | 0 | 0 | _aMicrosoft Access. |
| 630 | 0 | 0 | _aMicrosoft Visual BASIC. |
| 650 | 0 | _aDatabase management. | |
| 856 | 4 | 2 |
_3Contributor biographical information _uhttp://www.loc.gov/catdir/enhancements/fy1004/2001042551-b.html |
| 906 |
_a7 _bcbc _corignew _d1 _eocip _f20 _gy-gencatlg |
||
| 942 |
_2lcc _cBK |
||
| 999 |
_c125 _d125 |
||